<?xml version="1.0" encoding="UTF-8"?>
<record
    xmlns:xsi="http://www.w3.org/2001/XMLSchema-instance"
    xsi:schemaLocation="http://www.loc.gov/MARC21/slim http://www.loc.gov/standards/marcxml/schema/MARC21slim.xsd"
    xmlns="http://www.loc.gov/MARC21/slim">

  <leader>00421nam a22001577a 4500</leader>
  <controlfield tag="003">OSt</controlfield>
  <controlfield tag="005">20210914113651.0</controlfield>
  <controlfield tag="008">210914b        |||||||| |||| 00| 0 eng d</controlfield>
  <datafield tag="020" ind1=" " ind2=" ">
    <subfield code="a">0631210261</subfield>
  </datafield>
  <datafield tag="040" ind1=" " ind2=" ">
    <subfield code="a">HU</subfield>
    <subfield code="c">DDC</subfield>
  </datafield>
  <datafield tag="082" ind1=" " ind2=" ">
    <subfield code="a">307.76/ORU</subfield>
  </datafield>
  <datafield tag="245" ind1=" " ind2=" ">
    <subfield code="a">THE World of Cities Places in Comparative and Historical Perspective </subfield>
  </datafield>
  <datafield tag="260" ind1=" " ind2=" ">
    <subfield code="a">New York</subfield>
    <subfield code="b">Blackwell</subfield>
    <subfield code="c">2003</subfield>
  </datafield>
  <datafield tag="300" ind1=" " ind2=" ">
    <subfield code="a">xi.180P,20CM</subfield>
    <subfield code="b">ill</subfield>
  </datafield>
  <datafield tag="942" ind1=" " ind2=" ">
    <subfield code="2">ddc</subfield>
    <subfield code="c">BOOKS</subfield>
    <subfield code="n">0</subfield>
  </datafield>
  <datafield tag="999" ind1=" " ind2=" ">
    <subfield code="c">3707</subfield>
    <subfield code="d">3707</subfield>
  </datafield>
  <datafield tag="952" ind1=" " ind2=" ">
    <subfield code="0">0</subfield>
    <subfield code="1">0</subfield>
    <subfield code="2">ddc</subfield>
    <subfield code="4">0</subfield>
    <subfield code="7">0</subfield>
    <subfield code="a">007</subfield>
    <subfield code="b">007</subfield>
    <subfield code="c">GEN</subfield>
    <subfield code="d">2021-09-14</subfield>
    <subfield code="l">0</subfield>
    <subfield code="o">307.76</subfield>
    <subfield code="p">LGCLIB0000312</subfield>
    <subfield code="r">2021-09-14 00:00:00</subfield>
    <subfield code="t">C1</subfield>
    <subfield code="w">2021-09-14</subfield>
    <subfield code="y">BOOKS</subfield>
  </datafield>
  <datafield tag="952" ind1=" " ind2=" ">
    <subfield code="0">0</subfield>
    <subfield code="1">0</subfield>
    <subfield code="2">ddc</subfield>
    <subfield code="4">0</subfield>
    <subfield code="7">0</subfield>
    <subfield code="a">007</subfield>
    <subfield code="b">007</subfield>
    <subfield code="c">GEN</subfield>
    <subfield code="d">2021-09-14</subfield>
    <subfield code="l">0</subfield>
    <subfield code="o">307.76/ORU</subfield>
    <subfield code="p">LGCLIB0000313</subfield>
    <subfield code="r">2021-09-14 00:00:00</subfield>
    <subfield code="t">C2</subfield>
    <subfield code="w">2021-09-14</subfield>
    <subfield code="y">BOOKS</subfield>
  </datafield>
  <datafield tag="952" ind1=" " ind2=" ">
    <subfield code="0">0</subfield>
    <subfield code="1">0</subfield>
    <subfield code="2">ddc</subfield>
    <subfield code="4">0</subfield>
    <subfield code="7">0</subfield>
    <subfield code="a">007</subfield>
    <subfield code="b">007</subfield>
    <subfield code="c">GEN</subfield>
    <subfield code="d">2021-09-14</subfield>
    <subfield code="l">0</subfield>
    <subfield code="o">307.76/ORU</subfield>
    <subfield code="p">LGCLIB0000314</subfield>
    <subfield code="r">2021-09-14 00:00:00</subfield>
    <subfield code="t">C3</subfield>
    <subfield code="w">2021-09-14</subfield>
    <subfield code="y">BOOKS</subfield>
  </datafield>
  <datafield tag="952" ind1=" " ind2=" ">
    <subfield code="0">0</subfield>
    <subfield code="1">0</subfield>
    <subfield code="2">ddc</subfield>
    <subfield code="4">0</subfield>
    <subfield code="7">0</subfield>
    <subfield code="a">007</subfield>
    <subfield code="b">007</subfield>
    <subfield code="c">GEN</subfield>
    <subfield code="d">2021-09-14</subfield>
    <subfield code="l">0</subfield>
    <subfield code="o">3o7.76/ORU</subfield>
    <subfield code="p">LGCLIB0000315</subfield>
    <subfield code="r">2021-09-14 00:00:00</subfield>
    <subfield code="t">C4</subfield>
    <subfield code="w">2021-09-14</subfield>
    <subfield code="y">BOOKS</subfield>
  </datafield>
  <datafield tag="952" ind1=" " ind2=" ">
    <subfield code="0">0</subfield>
    <subfield code="1">0</subfield>
    <subfield code="2">ddc</subfield>
    <subfield code="4">0</subfield>
    <subfield code="7">0</subfield>
    <subfield code="a">007</subfield>
    <subfield code="b">007</subfield>
    <subfield code="c">GEN</subfield>
    <subfield code="d">2021-09-14</subfield>
    <subfield code="l">0</subfield>
    <subfield code="o">307.76/ORU</subfield>
    <subfield code="p">LGCLIB0000316</subfield>
    <subfield code="r">2021-09-14 00:00:00</subfield>
    <subfield code="t">C5</subfield>
    <subfield code="w">2021-09-14</subfield>
    <subfield code="y">BOOKS</subfield>
  </datafield>
</record>
